• 首页
  • 本馆介绍
  • 公告通知
  • 最新文献
  • 馆藏检索
  • 电子资源
  • 读者导购
  • 参考咨询
  • 我的图书馆
  • 登录
  • 详细信息显示
  • 放入我的书架
  • 预约/预借图书
  • 作者相关作品
  • 分类相关作品
  • 丛书相关作品
  • 出版社相关作品

书目信息

  • 表格格式
  • 工作单格式
  • 卡片格式
题名:
视距计算表
    
 
作者: ;陕西省地质局测绘队 , 北京一六五勘测队 编
分册:  
出版信息: 北京   测绘出版社  1973.07
页数: 295页
开本: 19cm
丛书名:
单 册:
中图分类: O1-649
科图分类:
主题词: 数学 , 测量计算用表
电子资源:
ISBN:
000 00813nam0 2200253 45
001 0179000438
005 20060525095916.59
010    @b精装@dCNY2.50
091    @a15039.新43
100    @a19950726d1973 em y0chiy0121 ea
101 0  @achi
102    @aCN@b110000
105    @ay z 000yy
200 10 @a视距计算表@Ashi ju ji suan biao@e垂直角:0°—45°@f陕西省地质局测绘队,北京一六五勘测队编@Fshan xi sheng di zhi ju ce hui dui,bei jing yi liu wu kan ce dui bian
210    @a北京@c测绘出版社@d1973.07
215    @a295页@d19cm
606 0  @a数学
606    @a测量计算用表
610 0  @a视距
690    @aO1-649@v3
711 02 @a陕西省地质局测绘队@Ashan xi sheng di zhi ju ce hui dui@4编
711 02 @a北京一六五勘测队@Abei jing yi liu wu kan ce dui@4编
801  0 @aCN@bNLC@c20060525
905    @dO1-649@e26
    
    视距计算表:垂直角:0°—45°/陕西省地质局测绘队,北京一六五勘测队编.-北京:测绘出版社,1973.07
    295页;19cm
    
    
    ISBN (精装):CNY2.50
    
●
相关链接 在E读中查询图书 在五车中查询图书 在当当中查询图书 在豆瓣中查询图书


正题名:视距计算表     索取号:O1-649/26         预约/预借

序号 登录号 条形码 馆藏地/架位号 状态 备注
1 0008384   202382590   密集书库/ [索取号:O1-649/26] 在馆    
2 0008385   202141360   密集书库/ [索取号:O1-649/26] 在馆    
3 0008386   202135714   密集书库/ [索取号:O1-649/26] 在馆    
4 0008387   202135670   密集书库/ [索取号:O1-649/26] 在馆    
5 0008388   001234284   第二样本阅览室/ [索取号:O1-649/26] 在馆    
6 0008389   202382616   密集书库/ [索取号:O1-649/26] 在馆    
7 0008390   001234275   工具书阅览室/ [索取号:O1-649/26] 在馆    
8 0008391   001962567   密集书库/ [索取号:O1-649/26] 在馆    
唐山师范学院图书馆 欢迎您!
大连网信软件有限公司© 版权所有